Reviving democracy : the emerging role of women in decision making : (Record no. 45)
[ view plain ]
| 000 -LEADER | |
|---|---|
| fixed length control field | 005970000a22001570004500 |
| 005 - DATE AND TIME OF LATEST TRANSACTION | |
| control field | 20240605113309.0 |
| 008 - FIXED-LENGTH DATA ELEMENTS--GENERAL INFORMATION | |
| fixed length control field | 230817t2003 ||||| |||| 00| 0 eng d |
| 082 ## - DEWEY DECIMAL CLASSIFICATION NUMBER | |
| Classification number | 305.42 |
| Item number | SOU |
| 942 ## - ADDED ENTRY ELEMENTS (KOHA) | |
| Item Type | Reports |
| 110 ## - MAIN ENTRY--CORPORATE NAME | |
| Corporate Name | South Asia Partnership International |
| 245 ## - TITLE STATEMENT | |
| Title | Reviving democracy : the emerging role of women in decision making : |
| Sub Title | a study of women's participation in governance in South Asia |
| 260 ## - PUBLICATION, DISTRIBUTION, ETC. (IMPRINT) | |
| Place of Publication | Colombo: |
| Name of Publisher | South Asia Partnership International, |
| Date of Copyright | 2003 |
| 300 ## - PHYSICAL DESCRIPTION | |
| Extent | 260 p. : ill. ; 27 cm. |
| 650 ## - SUBJECT ADDED ENTRY--TOPICAL TERM | |
| Topical Term | Women -Political activity -South Asia |
| 650 ## - SUBJECT ADDED ENTRY--TOPICAL TERM | |
| Topical Term | Women - Social conditions -South Asia |
| Withdrawn status | Lost status | Damaged status | Not for loan | Permanent location | Current location | Date acquired | Total Checkouts | Full call number | Barcode | Date last seen | Price effective from | Koha item type |
|---|---|---|---|---|---|---|---|---|---|---|---|---|
| Resource center, Muslim Women's Research And Action Forum | Resource center, Muslim Women's Research And Action Forum | 2023-08-17 | 305.42 SOU | RAF4105 | 2023-08-17 | 2023-08-17 | Reports |

